000 00685nam a2200217Ia 4500
001 17305
003 GE_BSU
008 181216s||||||||xx |||||||||||||| ||und||
040 _cGE_BSU
080 _a821.353.1-31
100 _aვლადიმერ იაკაშვილი
245 _aცეცხლის მზე
245 _bრომანი
245 _cრედ.:რ.ჯაფარიძე;მხატვ.:გ.წერეთელი,გ.ღლონტი
260 _aთბილისი
260 _bსაბჭ.საქართველო
260 _c1969
300 _a339 გვ.;20სმ.
653 _aრომანი
942 _cBK
999 _c50364
_d50364